header

Results and performance of the World Bank Group (Record no. 30506)

MARC details
000 -LEADER
fixed length control field 01253nam a2200313Ia 4500
245 00 - TITLE STATEMENT
Title Results and performance of the World Bank Group
260 ## - PUBLICATION, DISTRIBUTION, ETC. (IMPRINT)
Place of publication Washington, D.C. :
Name of publisher World Bank,
Year of publication c2013.
300 ## - PHYSICAL DESCRIPTION
Number of Pages xxviii, 83 p. :
Other physical details ill.
650 #0 - SUBJECT ADDED ENTRY--TOPICAL TERM
Topical Term Economic development projects
Topical Term Economic assistance
856 40 - ELECTRONIC LOCATION AND ACCESS
Uniform Resource Identifier http://site.ebrary.com/lib/rucke/Doc?id=10685356

No items available.

© 2026 Rongo University
Contact us: librarian | system librarian | Rongo university